01293nab a22002177a 4500999001500000003000400015005001700019008004100036040000700077100003200084245007400116260007200190300001300262500003900275505046600314505008900780650002600869650002800895773013900923942001301062 c5891d5891OSt20260109233020.0190605e xxu||||| |||| 00| 0 spa d cPJ 92713aSantiago, Alfonso (h)13aEl derecho de huelga: perspectiva constitucional /cAlfonso Santiago. aCiudad Autónoma de Buenos Aires :bThomson Reuters La Ley,c2023. ap. 73-82 aCita: TR LALEY AR/DOC/1350/2023.  aSumario: I. Presentación.— II. Las concepciones jurídicas acerca de las relaciones entre Derecho y huelga.— III. Los límites constitucionales, convencionales y legales del derecho de huelga.— IV. El test de proporcionalidad como instrumento de armonización cuando el derecho de huelga entra en tensión con otros derechos constitucionales.— V. Repertorio de Principios de la OIT en materia de derecho de huelga.— VI. Consideraciones finales.  t¿Te interesa el texto completo? Solicitalo al correo: koha@justierradelfuego.gov.ar 091316aDERECHO LABORAL 094564aDERECHO DE HUELGA0 0271193168dCiudad Autónoma de Buenos Aires : Thomson Reuters La Ley, 1999-2002.tRevista de derecho del trabajo. Nº 4 - Julio 2023 2udccANA